| 000 | 00953 a2200205 4500 | ||
|---|---|---|---|
| 001 | 30300 | ||
| 005 | 20260407155615.0 | ||
| 008 | 260407a1958 arg spa d | ||
| 003 | AR-UNSa-BCEJYS | ||
| 040 |
_aAR-UNSa-BCEJYS _bspa _cAR-UNSa-BCEJYS |
||
| 080 |
_a657.633 _xDetalles técnicos de la auditoría. Comprobaciones internas |
||
| 245 | 1 | 0 | _aCurso de auditoría |
| 264 | 1 |
_aBuenos Aires : _bSelección Contable _c1958 |
|
| 300 |
_a2v(239; 238p.) _c23 cm. |
||
| 505 | _a1. Fundamentos de la auditoría - 2. Organización de los servicios profesionales de auditoría contable - 3. El período de introducción a los servicios de auditoría - 4. Plan de auditoría - 5. Papeles de trabajo en una auditoría - 6. La técnica general del examen de los registros y documentos - 7. Examen de los libros y fichas contables | ||
| 942 | _cBK | ||
| 590 | _aniveau_biblio:m niveau_hierar:0 | ||
| 100 | 1 | _aLópes de Sa, Antonio | |
| 700 | 1 | _aHerrada, Manuel | |
| 999 |
_c2092 _d2092 |
||